| 000 | 00355nam a22001217a 4500 | ||
|---|---|---|---|
| 008 | 181127b xxu||||| |||| 00| 0 eng d | ||
| 041 | _aeng | ||
| 080 | _a043.3 | ||
| 100 | _a0 | ||
| 101 | _aBTH-MBE | ||
| 245 |
_aRoli i shkollimit ne Ndermarresi: Analize e trekendeshit punetor, shkolle dhe ndermarrje ne Kosove 2010-2016 _cRetkoceri, R |
||
| 942 |
_2udc _cBK |
||
| 999 |
_c52580 _d52580 |
||